| 000 | 00570nam a2200157 a 4500 | ||
|---|---|---|---|
| 008 | 120416s0000 ||||||||||||||||| || u | ||
| 020 | _a0821337262 | ||
| 050 | _aIBRD(08)DP | ||
| 100 | _aYusuf, Shahid | ||
| 245 | 1 | 0 | _aDeveloping the nonfarm sector in Bangladesh |
| 246 | _alessons from other Asian countries | ||
| 260 |
_aWashington, D.C. _bWorld Bank _c1996 |
||
| 300 | _axviii, 95p. : ill. | ||
| 350 | _a0.00 | ||
| 995 |
_D0.00 _FCBU-MAIN LIBRARY (Kitwe) _H1 _I0.00 _M1 _UAVAILABLE _ZInternational Publications |
||
| 999 |
_c39921 _d39921 |
||